Project management maturity models for organizational performance /

"As companies face increasing complexity in project execution, the need for robust and dynamic frameworks has become essential. Enter the Duplex Project Management Maturity Model (DPM3), a refined evolution of traditional project management maturity models (PM3), designed to address the growing...

Full description

Bibliographic Details
Other Authors: Chin, Christina M. M., 1977- (Editor)
Format: eBook
Language:English
Published: Hershey, PA : IGI Global Scientific Publishing, [2025]
Subjects:

MARC

Tag First Indicator Second Indicator Subfields
LEADER 00000cam a2200000 i 4500
001 in00005658201
006 m o d
007 cr cnu---unuuu
008 250206s2025 paua ob 001 0 eng
005 20250810211304.2
010 |a  2024057488 
035 |a (OCoLC)on1499281973 
040 |a DLC  |b eng  |e rda  |c DLC  |d OCLCO  |d IGIGL  |d YDX 
020 |a 9798369314401 (electronic bk.) 
020 |z 9798369314395  |q hardcover 
020 |z 9798369350362  |q paperback 
035 |a (OCoLC)1499281973 
042 |a pcc 
050 0 4 |a HD69.P75  |b P761683 2025 
082 0 0 |a 658.8/04  |2 23/eng/20250206 
245 0 0 |a Project management maturity models for organizational performance /  |c [edited by] Christina Chin M. M. 
264 1 |a Hershey, PA :  |b IGI Global Scientific Publishing,  |c [2025] 
300 |a 1 online resource (xvi, 298 pages) :  |b illustrations 
336 |a text  |b txt  |2 rdacontent 
337 |a computer  |b c  |2 rdamedia 
338 |a online resource  |b cr  |2 rdacarrier 
500 |a "Premier Reference Source" -- from cover. 
504 |a Includes bibliographical references and index. 
505 0 |a Preface -- Acknowledgment -- Section 1. Introduction -- Chapter 1. Introduction and Background of Work -- Chapter 2. Project Management Maturity Model (PM3) -- Section 2. The Evolving Role and Characteristics of Project Management -- Chapter 3. Lesson Learned From Current Maturity Models -- The study prompted 4 research questions in Chapter 2. Responses to these questions will narrow the scope of study required, pitfalls to avoid, enable a better understanding of the issues raised about impediments to PM, and the.... Lesson Learned From Current Maturity Models -- Section 3. Methodology -- Chapter 4. Methodology and Rationalization of Work -- Section 4. Analysis and Discussion -- Chapter 5. Success Criteria and Attributes of Maturity Models -- Chapter 6. Conceptualization of Duplex Project Management Maturity Model -- Upon leveraging the desirable attributes of PM3 from Chapter 5, this discussion continues to describe the conceptualization of DPM3. This chapter explains each evolution of the DPM3 principles that was initially depicted using the.... Conceptualization of Duplex Project Management Maturity Model -- Section 5. Duplex Project Management Maturity Model (DPM3) -- Chapter 7. Principals, Components, Characteristics, and Levels of DPM3 -- Section 6. DPM3 Key to Organizational Performance -- Chapter 8. Conclusion and Contributions -- A foundational work carried out and documented under Chapter 1 and 2 providing the broad understanding of the research background and how the PM profession had evolved over the last five decades. The impediments to PM were.... Conclusion and Contributions -- Compilation of References -- Related References -- About the Author -- Index. 
520 |a "As companies face increasing complexity in project execution, the need for robust and dynamic frameworks has become essential. Enter the Duplex Project Management Maturity Model (DPM3), a refined evolution of traditional project management maturity models (PM3), designed to address the growing need for adaptability, flexibility, and long-term sustainability in PM practices"--  |c Provided by publisher. 
588 |a Description based on online resource; title from digital title page (viewed on March 26, 2025). 
650 0 |a Project management. 
650 6 |a Gestion de projet.  |0 (CaQQLa)201-0030828 
655 4 |a Electronic books. 
700 1 |a Chin, Christina M. M.,  |d 1977-  |e editor. 
776 0 8 |i Print version:  |t Project management maturity models for organizational performance  |d Hershey, PA : IGI Global Scientific Publishing, [2025]  |z 9798369314395  |w (DLC) 2024057487 
852 8 |b POD  |z This title is available for the library to purchase for your use. Click the "Purchase It For Me" button to place a request. This item will take 5-10 business days to arrive. 
955 |a Ebook POD title 
961 |m 565731 
999 f f |s 9a2ef49a-35ae-434b-b5b1-e7692bfe156c  |i 6e5b4217-9146-4e6b-8dfe-5889dac6baa8  |t 0 
952 f f |a Texas A&M University  |b College Station  |c Sterling C. Evans Library  |d Purchase on Demand  |t 0  |e HD69.P75 P761683 2025  |h Library of Congress classification 
998 f f |a HD69.P75 P761683 2025  |t 0  |l Purchase on Demand